Statistics for Pro Wrestler Nicknames

Click here to take the quiz!

General Stats

  • This quiz has been taken 21,579 times
    (6,672 since last reset)
  • The average score is 17 of 24

Answer Stats

NicknameWrestler% Correct
Stone ColdSteve Austin
96%
Macho ManRandy Savage
89%
The People's Champion The Rock
86%
The Nature BoyRic Flair / Buddy Rogers
84%
The HitmanBret Hart
82%
HollywoodHulk Hogan
80%
The Heartbreak Kid Shawn Michaels
80%
RowdyRoddy Piper
79%
The Game Triple H
76%
The Big Red MachineKane
74%
The World's Largest AthleteBig Show
71%
Y2JChris Jericho
71%
HacksawJim Duggan
70%
The SnakeJake Roberts
69%
The Rated R Superstar  Edge
68%
The Million Dollar ManTed DiBiase
68%
The AnimalGeorge Steele / Dave Batista
64%
RavishingRick Rude
62%
The DragonRicky Steamboat
56%
The BrainBobby Heenan
53%
The BarberBrutus Beefcake
50%
Mr. PerfectCurt Hennig
50%
The Rabid WolverineChris Benoit
46%
The BodyJesse Ventura
43%

Score Distribution

Percentile by Number Answered

Percent of People with Each Score

Your Score History

You have not taken this quiz since the last reset